[Event "Kiel op-A 19th"]
[Site "Kiel"]
[Date "2006.07.28"]
[Round "9"]
[White "Bubolz, Konstantin"]
[Black "Joppien, Arne"]
[Result "1-0"]
[WhiteElo "2050"]
[BlackElo "2054"]
[PlyCount "70"]
[EventDate "2006.07.22"]
[EventType "swiss"]
[EventRounds "9"]
[EventCountry "GER"]
[SourceTitle "CBM 113 Extra"]
[Source "ChessBase"]
[SourceDate "2006.09.14"]
[SourceVersion "1"]
[SourceVersionDate "2006.09.14"]
[SourceQuality "1"]

1. d4 Nf6 2. c4 e6 3. Nc3 Bb4 4. e3 0-0 5. Nge2 d5 6. a3 Be7 7. cxd5 exd5 8. b4 c6 9. Ng3 Bd6 10. Bd3 Re8 11. Qc2 g6 12. f3 Qc7 13. Nce2 Nbd7 14. 0-0 Nf8 15. e4 dxe4 16. fxe4 Be7 17. Bb2 Ng4 18. Qc3 f6 19. h3 Nh6 20. Kh1 Qd8 21. d5 cxd5 22. e5 Nf7 23. exf6 Bd6 24. Bc2 Be5 25. Nd4 Qd6 26. Nge2 Bd7 27. Bb3 Ne6 28. Qf3 Nc7 29. h4 h5 30. Bc2 Bf4 31. Qd3 Bf5 32. Nxf5 gxf5 33. Qxf5 Ne6 34. Qh7+ Kf8 35. Bg6 Qd7 1-0

[Event "Kiel op-A 19th"]
[Site "Kiel"]
[Date "2006.07.27"]
[Round "8"]
[White "Joppien, Arne"]
[Black "Lingnau, Diethard"]
[Result "1-0"]
[WhiteElo "2054"]
[BlackElo "1905"]
[PlyCount "69"]
[EventDate "2006.07.22"]
[EventType "swiss"]
[EventRounds "9"]
[EventCountry "GER"]
[SourceTitle "CBM 113 Extra"]
[Source "ChessBase"]
[SourceDate "2006.09.14"]
[SourceVersion "1"]
[SourceVersionDate "2006.09.14"]
[SourceQuality "1"]

1. e4 Nc6 2. d4 e5 3. d5 Nce7 4. Bb5 Nf6 5. Bd3 Ng6 6. Be3 Bb4+ 7. c3 Ba5 8. Nd2 Bb6 9. Bxb6 axb6 10. Ne2 d6 11. Nc4 Nh4 12. Ne3 Ng4 13. Bb5+ Kf8 14. Nxg4 Bxg4 15. Rg1 Qg5 16. Qd3 f5 17. exf5 Bxf5 18. Qg3 Qh6 19. f4 e4 20. Nd4 Qf6 21. a3 h5 22. 0-0-0 Bc8 23. Qe3 Bg4 24. Rd2 Bf5 25. Re1 Bh7 26. Ne6+ Kf7 27. Nxc7 Rxa3 28. bxa3 Rc8 29. Be2 Rxc7 30. Bxh5+ g6 31. Qxe4 Qxc3+ 32. Kd1 Qc1+ 33. Ke2 Qxa3 34. Kf1 Nf5 35. Qxf5+ 1-0

[Event "Kiel op-A 19th"]
[Site "Kiel"]
[Date "2006.07.23"]
[Round "3"]
[White "Hahne, Hans Juergen"]
[Black "Joppien, Arne"]
[Result "1-0"]
[WhiteElo "2177"]
[BlackElo "2054"]
[PlyCount "118"]
[EventDate "2006.07.22"]
[EventType "swiss"]
[EventRounds "9"]
[EventCountry "GER"]
[SourceTitle "CBM 113 Extra"]
[Source "ChessBase"]
[SourceDate "2006.09.14"]
[SourceVersion "1"]
[SourceVersionDate "2006.09.14"]
[SourceQuality "1"]

1. f4 d5 2. Nf3 c5 3. g3 g6 4. Bg2 Bg7 5. 0-0 Nf6 6. d3 0-0 7. Nc3 d4 8. Na4 Na6 9. c4 Nd7 10. e4 dxe3 11. Bxe3 Rb8 12. Nc3 Nc7 13. d4 cxd4 14. Bxd4 Bxd4+ 15. Qxd4 Nb6 16. c5 Qxd4+ 17. Nxd4 Nc4 18. Rfe1 e5 19. fxe5 Nxb2 20. Re3 Na6 21. c6 bxc6 22. Nxc6 Rb7 23. Nd5 Nc5 24. Rb1 a6 25. Rc3 Nba4 26. Rxb7 Bxb7 27. Rc4 Kg7 28. Na5 Bc8 29. Nc7 Bd7 30. Rd4 Nc3 31. Rd6 Nxa2 32. Nxa6 Nxa6 33. Rxd7 Nc5 34. Rc7 Ne6 35. Rb7 Nc3 36. Nc4 h5 37. Nd6 Ne2+ 38. Kf2 N2d4 39. Ke3 Nf5+ 40. Nxf5+ gxf5 41. Bf3 Kg6 42. Bd5 Nd8 43. Rb6+ Kg5 44. Kf3 h4 45. gxh4+ Kxh4 46. Kf4 Rh8 47. Kxf5 Rh5+ 48. Kf4 Kh3 49. Rd6 Rh8 50. Kf5 Kxh2 51. Kf6 Re8 52. Rd7 Kg3 53. Bxf7 Nxf7 54. Rxf7 Kf4 55. e6 Ra8 56. Rd7 Ra6 57. Kf7 Kf5 58. e7 Rf6+ 59. Ke8 Rh6 1-0

[Event "Kiel op-A 19th"]
[Site "Kiel"]
[Date "2006.07.23"]
[Round "4"]
[White "Joppien, Arne"]
[Black "Janitzek, Nils"]
[Result "1/2-1/2"]
[WhiteElo "2054"]
[BlackElo "1892"]
[PlyCount "52"]
[EventDate "2006.07.22"]
[EventType "swiss"]
[EventRounds "9"]
[EventCountry "GER"]
[SourceTitle "CBM 113 Extra"]
[Source "ChessBase"]
[SourceDate "2006.09.14"]
[SourceVersion "1"]
[SourceVersionDate "2006.09.14"]
[SourceQuality "1"]

1. e4 d6 2. d4 Nf6 3. Nc3 g6 4. Bc4 Bg7 5. Nf3 0-0 6. 0-0 Nc6 7. h3 e5 8. dxe5 Nxe5 9. Nxe5 dxe5 10. Qf3 c6 11. Bg5 h6 12. Be3 Qe7 13. a4 Be6 14. Qe2 Nd7 15. a5 Kh7 16. Rfd1 f5 17. f3 Nf6 18. Rd2 fxe4 19. Nxe4 Nxe4 20. fxe4 a6 21. Bb6 Rf4 22. Bxe6 Qxe6 23. Rad1 Raf8 24. Bc5 R8f7 25. Rd6 Qa2 26. b4 Bf8 1/2-1/2

[Event "Seefeld op 15th"]
[Site "Seefeld"]
[Date "2004.09.25"]
[Round "8"]
[White "Miezis, Normunds"]
[Black "Joppien, Arne"]
[Result "1-0"]
[WhiteElo "2502"]
[BlackElo "2081"]
[PlyCount "81"]
[EventDate "2004.09.18"]
[EventType "swiss"]
[EventRounds "9"]
[EventCountry "AUT"]
[SourceTitle "EXT 2005"]
[Source "ChessBase"]
[SourceDate "2004.11.15"]
[SourceVersion "1"]
[SourceVersionDate "2004.11.15"]
[SourceQuality "1"]

1. c4 c5 2. Nc3 Nc6 3. g3 g6 4. Bg2 Bg7 5. d3 Nh6 6. e4 d6 7. Nge2 0-0 8. 0-0 f5 9. h3 Bd7 10. Be3 Nf7 11. f4 Nd4 12. Rb1 Bc6 13. a3 e5 14. b4 b6 15. Qd2 exf4 16. gxf4 Qe7 17. Rbe1 Rae8 18. Bf2 Nxe2+ 19. Rxe2 fxe4 20. dxe4 g5 21. f5 Be5 22. Nd5 Bxd5 23. Qxd5 Qf6 24. Bf3 Qh6 25. Bg4 Bf4 26. bxc5 dxc5 27. Be1 Be5 28. Kg2 Kh8 29. a4 Nd6 30. a5 Qf6 31. Rf3 b5 32. Qxc5 Bd4 33. Qd5 Nxc4 34. Bb4 Rg8 35. Rd3 Be5 36. Qxb5 Rc8 37. Qd7 a6 38. Be7 Qg7 39. Qe6 h5 40. f6 Qh6 41. f7 1-0

[Event "Seefeld op 15th"]
[Site "Seefeld"]
[Date "2004.09.23"]
[Round "6"]
[White "Kozlov, Alexander"]
[Black "Joppien, Arne"]
[Result "1/2-1/2"]
[WhiteElo "2192"]
[BlackElo "2081"]
[PlyCount "49"]
[EventDate "2004.09.18"]
[EventType "swiss"]
[EventRounds "9"]
[EventCountry "AUT"]
[SourceTitle "EXT 2005"]
[Source "ChessBase"]
[SourceDate "2004.11.15"]
[SourceVersion "1"]
[SourceVersionDate "2004.11.15"]
[SourceQuality "1"]

1. d4 c5 2. d5 d6 3. c4 e5 4. e4 Be7 5. Nf3 Nf6 6. Nc3 0-0 7. Bd3 Na6 8. h3 h6 9. Be3 Nc7 10. a3 Nh7 11. g4 Ng5 12. Nd2 Nh7 13. Qf3 Bd7 14. Nf1 Bg5 15. Ng3 g6 16. Be2 a6 17. h4 Bxe3 18. Qxe3 Kg7 19. f3 b5 20. cxb5 Nxb5 21. Bxb5 axb5 22. Kf2 b4 23. Nb1 Qf6 24. Kg2 Rfb8 25. Nd2 1/2-1/2